<?xml version="1.0" encoding="UTF-8"?><?xml-stylesheet type="text/xsl" href="static/style.xsl"?><OAI-PMH xmlns="http://www.openarchives.org/OAI/2.0/" xmlns:xsi="http://www.w3.org/2001/XMLSchema-instance" xsi:schemaLocation="http://www.openarchives.org/OAI/2.0/ http://www.openarchives.org/OAI/2.0/OAI-PMH.xsd"><responseDate>2026-04-13T02:23:28Z</responseDate><request verb="GetRecord" identifier="oai:www.recercat.cat:11351/11187" metadataPrefix="marc">https://recercat.cat/oai/request</request><GetRecord><record><header><identifier>oai:recercat.cat:11351/11187</identifier><datestamp>2025-03-05T04:46:16Z</datestamp><setSpec>com_2072_378070</setSpec><setSpec>com_2072_378040</setSpec><setSpec>col_2072_378092</setSpec></header><metadata><record xmlns="http://www.loc.gov/MARC21/slim" xmlns:dcterms="http://purl.org/dc/terms/" xmlns:xsi="http://www.w3.org/2001/XMLSchema-instance" xmlns:doc="http://www.lyncode.com/xoai" xsi:schemaLocation="http://www.loc.gov/MARC21/slim http://www.loc.gov/standards/marcxml/schema/MARC21slim.xsd">
   <leader>00925njm 22002777a 4500</leader>
   <datafield ind2=" " ind1=" " tag="042">
      <subfield code="a">dc</subfield>
   </datafield>
   <datafield ind2=" " ind1=" " tag="720">
      <subfield code="a">Haakensen, Vilde Drageset</subfield>
      <subfield code="e">author</subfield>
   </datafield>
   <datafield ind2=" " ind1=" " tag="720">
      <subfield code="a">Öjlert, Åsa Kristina</subfield>
      <subfield code="e">author</subfield>
   </datafield>
   <datafield ind2=" " ind1=" " tag="720">
      <subfield code="a">Farooqi, Saima Jamil</subfield>
      <subfield code="e">author</subfield>
   </datafield>
   <datafield ind2=" " ind1=" " tag="720">
      <subfield code="a">Nowak, Anna</subfield>
      <subfield code="e">author</subfield>
   </datafield>
   <datafield ind2=" " ind1=" " tag="720">
      <subfield code="a">Chin, Wee L.</subfield>
      <subfield code="e">author</subfield>
   </datafield>
   <datafield ind2=" " ind1=" " tag="720">
      <subfield code="a">cedres, susana</subfield>
      <subfield code="e">author</subfield>
   </datafield>
   <datafield ind2=" " ind1=" " tag="720">
      <subfield code="a">Thunold, Solfrid</subfield>
      <subfield code="e">author</subfield>
   </datafield>
   <datafield ind2=" " ind1=" " tag="260">
      <subfield code="c">2024-03-14T09:47:23Z</subfield>
   </datafield>
   <datafield ind2=" " ind1=" " tag="260">
      <subfield code="c">2024-03-14T09:47:23Z</subfield>
   </datafield>
   <datafield ind2=" " ind1=" " tag="260">
      <subfield code="c">2024-03-01</subfield>
   </datafield>
   <datafield ind2=" " ind1=" " tag="520">
      <subfield code="a">Immunotherapy; Pleural mesothelioma; Telomerase vaccine</subfield>
   </datafield>
   <datafield ind2=" " ind1=" " tag="520">
      <subfield code="a">Immunoteràpia; Mesotelioma pleural; Vacuna de telomerasa</subfield>
   </datafield>
   <datafield ind2=" " ind1=" " tag="520">
      <subfield code="a">Inmunoterapia; Mesotelioma pleural; Vacuna de telomerasa</subfield>
   </datafield>
   <datafield ind2=" " ind1=" " tag="520">
      <subfield code="a">Purpose&#xd;
The NIPU-trial investigates the effect of adding the telomerase vaccine UV1 to treatment with ipilimumab and nivolumab for patients with pleural mesothelioma (PM).&#xd;
Methods&#xd;
In this phase 2 open-label trial, patients with PM progressing after first-line chemotherapy were randomised to receive ipilimumab and nivolumab alone (arm B) or combined with UV1 (arm A). The primary endpoint was progression-free survival (PFS) as determined by BICR. It was estimated that 69 PFS events were needed to detect a hazard ratio (HR) of 0.60 with 80% power and a one-sided alpha level of 0.10.&#xd;
Results&#xd;
118 patients were randomised. The median PFS determined by blinded independent central review (BICR) was 4.2 months (95%CI 2.9–9.8) in arm A and 4.7 months (95%CI 3.9–7.0) in arm B (HR 1.01, 80%CI 0.75–1.36 P = 0.979), after a median follow-up of 12.5 months (95%CI 9.7–15.6). The investigator-determined median PFS was 4.3 months (95%CI 3.0–6.8) in arm A and 2.9 months (95%CI 2.4–5.5) in arm B (HR 0.60, 80%CI 0.45–0.81 P = 0.025). Confirmed objective response rate (ORR) by BICR was 31% in arm A and 16% in arm B (odds ratio 2.44 80%CI 1.35–4.49 P = 0.056). After a median follow-up time of 17.3 months (95%CI 15.8–22.9), the OS was 15.4 months (95%CI 11.1–22.6) in arm A and 11.1 months (95%CI 8.8–18.1) in arm B, (HR 0.73, 80%CI 0.53–1.0, P = 0.197).&#xd;
Conclusion&#xd;
The primary endpoint was not met. Predefined analyses of response rates are in favour of adding the vaccine.</subfield>
   </datafield>
   <datafield ind2=" " ind1=" " tag="520">
      <subfield code="a">The trial was researcher-initiated and funded by grants from the South-Eastern Norway Regional Health Authorities (grant number 2020077 and 2021083). Study medication was provided by Ultimovacs and Bristol Myers Squibb. Ultimovacs also provided funding for study procedures.</subfield>
   </datafield>
   <datafield tag="653" ind2=" " ind1=" ">
      <subfield code="a">Pleura - Càncer - Tractament</subfield>
   </datafield>
   <datafield tag="653" ind2=" " ind1=" ">
      <subfield code="a">Quimioteràpia combinada</subfield>
   </datafield>
   <datafield tag="653" ind2=" " ind1=" ">
      <subfield code="a">Mesotelioma - Tractament</subfield>
   </datafield>
   <datafield tag="653" ind2=" " ind1=" ">
      <subfield code="a">DISEASES::Neoplasms::Neoplasms by Histologic Type::Neoplasms, Glandular and Epithelial::Adenoma::Mesothelioma</subfield>
   </datafield>
   <datafield tag="653" ind2=" " ind1=" ">
      <subfield code="a">DISEASES::Neoplasms::Neoplasms by Site::Thoracic Neoplasms::Respiratory Tract Neoplasms::Pleural Neoplasms</subfield>
   </datafield>
   <datafield tag="653" ind2=" " ind1=" ">
      <subfield code="a">ANALYTICAL, DIAGNOSTIC AND THERAPEUTIC TECHNIQUES, AND EQUIPMENT::Therapeutics::Therapeutics::Drug Therapy::Antineoplastic Protocols::Therapeutics::Drug Therapy::Antineoplastic Combined Chemotherapy Protocols</subfield>
   </datafield>
   <datafield tag="653" ind2=" " ind1=" ">
      <subfield code="a">ENFERMEDADES::neoplasias::neoplasias por tipo histológico::neoplasias glandulares y epiteliales::adenoma::mesotelioma</subfield>
   </datafield>
   <datafield tag="653" ind2=" " ind1=" ">
      <subfield code="a">ENFERMEDADES::neoplasias::neoplasias por localización::neoplasias torácicas::neoplasias del tracto respiratorio::neoplasias pleurales</subfield>
   </datafield>
   <datafield tag="653" ind2=" " ind1=" ">
      <subfield code="a">TÉCNICAS Y EQUIPOS ANALÍTICOS, DIAGNÓSTICOS Y TERAPÉUTICOS::terapéutica::terapéutica::farmacoterapia::protocolos antineoplásicos::terapéutica::farmacoterapia::protocolos de quimioterapia antineoplásica combinada</subfield>
   </datafield>
   <datafield ind2="0" ind1="0" tag="245">
      <subfield code="a">UV1 telomerase vaccine with ipilimumab and nivolumab as second line treatment for pleural mesothelioma – A phase II randomised trial</subfield>
   </datafield>
</record></metadata></record></GetRecord></OAI-PMH>